Stadiony piłkarskie najlepszych klubów piłkarskich - Statystyki

Ogólne statystyki
  • Ten quiz został rozwiązany 249 razy
  • Średni wynik to 9 z 15
Statystyki odpowiedzi
Nazwa Klubu Nazwa stadionu % Poprawnych
FC Barcelona Camp Nou
98%
Real Madryt Santiago Bernabeu
91%
Bayern Monachium Allianz Arena
81%
Manchester United Old Trafford
76%
AC Milan San Siro
73%
Liverpool Anfield
72%
Manchester City Etihad Stadium
68%
Chelsea Stamford Bridge
64%
Arsenal Emirates Stadium
56%
Borussia Dortmund Signal Iduna Park
53%
Atletico Madryt Wanda Metropolitano
51%
Juventus Allianz Stadium
43%
PSG Parc des Princes
29%
Inter Mediolan Giuseppe Meazza
27%
Sevilla Ramon Sanchez Pizjuan
13%
Nie znaleziono quizów pasujących do podanych kryteriów
Rozkład punktacji
Procent ludzi z każdym wynikiem
Percentyl według liczby udzielonych odpowiedzi
Twoja historia wyników
Nie rozwiązałeś tego quizu